Safety management : a qualitative systems approach

Other Authors: Davies, John
Language:English
Published: London: Taylor & Francis Group, 2003.
Subjects:
LEADER 00761cam a2200217 7i4500
001 0000080628
005 20131014090000.0
008 100727s2003 nyu eng
020 # 0 |a 9780415303712  
020 # 0 |a 0415303702 (hbk.)  
020 # 0 |a 0415303710 (pbk.)  
090 0 0 |a HV 675   |b .S2 2003 
245 1 0 |a Safety management :   |b a qualitative systems approach   |c John Davies ... [et al.]. 
260 # # |a London:   |b Taylor & Francis Group,   |c 2003. 
300 # # |a xiv, 220 p.:   |b ill.;   |c 24 cm.. 
504 0 0 |a Includes bibliographical references and index 
590 # # |a Rujukan Kursus Jabatan Sains Kejuruteraan 
650 0 0 |a Accidents --   |x Prevention  
650 0 0 |a Industrial safety  
700 1 1 |a Davies, John  
999 |a 1100077327  |b Book  |c Open Shelf  |e KOLEKSI TERBUKA